01012nam a2200181 i 450000100060000000300090000600500170001500700030003200800410003510000430007624500750011925000120019426000360020630000200024250505160026265000290077885200230080741833ES-MaACL20250808084926.0t|030311q19501956sp ||||1| spa d1 aCastán Tobeñas, José,d1889-196910aDerecho civil español común y foral / cJosé Castán Tobeñas. a7ª ed. a[Madrid : bReus, c1950?-1956] a6 v. ; c23 cm.8 aContiene: t.1,v. I: Introducción al estudio del derecho civil. -- t.1, v. II: Teoría de la relación jurídica y los derechos subjetivos. Los derechos de la personalidad. t,2: Derecho de cosas (Propiedad y derechos reales restringidos). -- t.3: Derecho de obligaciones. La obligación y el contrato en general. -- t.4: Derecho de obligaciones. Las particulares relaciones obligatorias. -- t.5, v.I. Derecho de familia. Relaciones. -- t.5, v.II: Derecho de familia. Relaciones paterno-filiales y tutelares04aDerecho civil-zEspaña aES-MaACLjA-751-56